[Event "Olbia CIG U16 24th"]
[Site "Olbia"]
[Date "2016.06.30"]
[Round "6"]
[White "Vignati, Andrea"]
[Black "Zenari, Marco"]
[Result "0-1"]
[WhiteElo "1544"]
[BlackElo "2017"]
[PlyCount "118"]
[EventDate "2016.06.26"]
[EventType "swiss"]
[EventRounds "9"]
[EventCountry "ITA"]
[SourceTitle "EXT 2024"]
[Source "ChessBase"]
[SourceDate "2023.10.10"]
[SourceVersion "1"]
[SourceVersionDate "2023.10.10"]
[SourceQuality "1"]

1. c4 Nf6 2. Nc3 g6 3. g3 Bg7 4. Bg2 d6 5. Nf3 0-0 6. 0-0 c5 7. d4 Nc6 8. e3 Rb8 9. Bd2 Bg4 10. dxc5 Ne5 11. Qe2 dxc5 12. Rfd1 Qb6 13. b3 Rbd8 14. Be1 h6 15. Rxd8 Rxd8 16. Rd1 Nh7 17. Rxd8+ Qxd8 18. Kf1 Qc8 19. Nd5 Kf8 20. Bc3 e6 21. Bxe5 Bxe5 22. h3 Bxf3 23. Qxf3 exd5 24. Qxd5 Bc3 25. Ke2 Nf6 26. Qd3 Bb4 27. Qd6+ Kg7 28. Qe7 Qd7 29. Qxd7 Nxd7 30. Bxb7 f5 31. Bc6 Ne5 32. Bd5 Kf6 33. Bg2 g5 34. Bd5 Nf7 35. Bb7 Nd6 36. Bd5 Ne4 37. Bc6 Nc3+ 38. Kd3 Nxa2 39. Ke2 Nc1+ 40. Kf3 Nxb3 41. Ke2 Ke5 42. Kd3 Nd2 43. f4+ Kf6 44. g4 gxf4 45. exf4 Nb3 46. Bd7 Nd4 47. Bc8 a5 48. Bd7 Ke7 49. Bb5 Kf6 50. Bd7 Be1 51. gxf5 Nxf5 52. Kc2 Bg3 53. Kb3 Bxf4 54. Ka4 Bd2 55. Kb5 Bb4 56. Ka4 Ne3 57. Kb5 Kg5 58. Be6 Kh4 59. Bd7 Ng2 0-1

[Event "Robecchetto op-B 26th"]
[Site "Robecchetto"]
[Date "2015.07.26"]
[Round "4"]
[White "Vignati, Andrea"]
[Black "Mantovan, Giuseppe"]
[Result "1/2-1/2"]
[WhiteElo "1524"]
[BlackElo "1784"]
[PlyCount "151"]
[EventDate "2015.07.24"]
[EventType "swiss"]
[EventRounds "5"]
[EventCountry "ITA"]
[SourceTitle "EXT 2023"]
[Source "ChessBase"]
[SourceDate "2022.10.05"]
[SourceVersion "1"]
[SourceVersionDate "2022.10.05"]
[SourceQuality "1"]

1. e4 e6 2. d4 d5 3. exd5 exd5 4. Nc3 c6 5. Bd3 Nf6 6. Nf3 Bd6 7. 0-0 0-0 8. Bg5 Bg4 9. h3 Bh5 10. Re1 Nbd7 11. g4 Bg6 12. Ne5 Qc7 13. Nxd7 Nxd7 14. Bxg6 hxg6 15. Kg2 Rfe8 16. Qf3 Nf8 17. Re3 Ne6 18. Rae1 Qd7 19. Bh4 Nxd4 20. Rxe8+ Rxe8 21. Rxe8+ Qxe8 22. Qd3 Ne6 23. Bg3 Bb4 24. a3 Ba5 25. Qe3 Bxc3 26. Qxc3 Ng5 27. Qb3 Qe4+ 28. Kf1 b5 29. Bb8 a5 30. Qc3 d4 31. Qxa5 Qd5 32. h4 Ne6 33. Bg3 Qh1+ 34. Ke2 Qe4+ 35. Kd2 Qxg4 36. Qa8+ Kh7 37. Qxc6 Qf5 38. Qb6 Nc5 39. Qc7 Ne4+ 40. Ke2 Qg4+ 41. Kd3 Nf6 42. Qf4 Qd1+ 43. Qd2 Qf3+ 44. Kxd4 Qe4+ 45. Kc5 Qc4+ 46. Kb6 Nd5+ 47. Kb7 b4 48. Qd3 Qc5 49. axb4 Qb6+ 50. Ka8 Qc6+ 51. Kb8 Nxb4 52. Qc3 Na6+ 53. Ka7 Nc5 54. Qb4 Qa6+ 55. Kb8 Qc6 56. Ka7 Na4 57. c3 Nc5 58. c4 Nd3 59. Qb5 Qf6 60. c5 Qe7+ 61. Kb6 Qd8+ 62. Kc6 Qd4 63. Kb7 Nxb2 64. c6 Na4 65. c7 Nc5+ 66. Ka8 Qd5+ 67. Kb8 Nd7+ 68. Qxd7 Qxd7 69. c8Q Qxc8+ 70. Kxc8 Kh6 71. Kd7 g5 72. Ke7 f5 73. hxg5+ Kxg5 74. f4+ Kg4 75. Ke6 g5 76. Ke5 1/2-1/2

[Event "Robecchetto op-C 25th"]
[Site "Robecchetto"]
[Date "2014.12.28"]
[Round "4"]
[White "Vignati, Andrea"]
[Black "Cazzola, Franco"]
[Result "1/2-1/2"]
[WhiteElo "1490"]
[BlackElo "1576"]
[PlyCount "76"]
[EventDate "2014.12.26"]
[EventType "swiss"]
[EventRounds "6"]
[EventCountry "ITA"]
[SourceTitle "EXT 2024"]
[Source "ChessBase"]
[SourceDate "2023.10.10"]
[SourceVersion "1"]
[SourceVersionDate "2023.10.10"]
[SourceQuality "1"]

1. e4 e6 2. d4 d5 3. exd5 exd5 4. Nf3 Nf6 5. Nc3 Bg4 6. h3 Bh5 7. Bg5 Nbd7 8. Nxd5 h6 9. Nxf6+ Nxf6 10. Bxf6 Qxf6 11. Be2 0-0-0 12. c3 Bd6 13. 0-0 g5 14. Re1 Bg6 15. Bd3 h5 16. Bxg6 fxg6 17. Ne5 Rhf8 18. Qc2 Bxe5 19. dxe5 Qf5 20. Re2 g4 21. e6 Rde8 22. Qe4 Qxe4 23. Rxe4 gxh3 24. gxh3 Rf6 25. Rae1 Re7 26. Kg2 c6 27. Kg3 Kc7 28. f4 Kd6 29. Kh4 Rf5 30. R1e2 c5 31. c4 a6 32. a4 Kc6 33. b3 b5 34. a5 b4 35. Kg3 Rf6 36. Kh4 Rf5 37. Rg2 Rf6 38. Rge2 Rf5 1/2-1/2

[Event "Lombardia Region-ch"]
[Site "Saronno"]
[Date "2013.05.25"]
[Round "3"]
[White "Vignati, Andrea"]
[Black "Nordio, Giorgio"]
[Result "0-1"]
[WhiteElo "1454"]
[BlackElo "1668"]
[PlyCount "90"]
[EventDate "2013.05.24"]
[EventType "swiss"]
[EventRounds "5"]
[EventCountry "ITA"]
[SourceTitle "EXT 2015"]
[Source "ChessBase"]
[SourceDate "2014.11.20"]
[SourceVersion "1"]
[SourceVersionDate "2014.11.20"]
[SourceQuality "1"]

1. d4 c6 2. e4 d5 3. exd5 cxd5 4. Nc3 Nf6 5. Bd3 Nc6 6. Nf3 Bg4 7. Be3 e6 8. 0-0 Bd6 9. h3 Bh5 10. Re1 Bb4 11. a3 Bxc3 12. bxc3 Ne4 13. c4 0-0 14. Rb1 Nc3 15. Qd2 Nxb1 16. Rxb1 Bxf3 17. gxf3 b6 18. cxd5 exd5 19. c4 dxc4 20. Be4 Qd7 21. Qc3 Rad8 22. Qxc4 Nxd4 23. Rd1 Ne2+ 24. Qxe2 Qxd1+ 25. Qxd1 Rxd1+ 26. Kg2 Ra1 27. Bd2 a5 28. Be3 Rxa3 29. Bxb6 a4 30. Bc5 Rb3 31. Bxf8 Kxf8 32. Bc2 Ra3 33. Kg3 Ra1 34. Kg4 a3 35. Kf4 g5+ 36. Kg3 a2 37. Kg2 Rc1 38. Bxh7 a1Q 39. f4 Rg1+ 40. Kf3 Qc3+ 41. Ke4 Re1+ 42. Kd5 Qd2+ 43. Kc4 Rc1+ 44. Kb3 Qc3+ 45. Ka2 Ra1# 0-1

[Event "Lombardia Region-ch"]
[Site "Saronno"]
[Date "2013.05.24"]
[Round "1"]
[White "Vignati, Andrea"]
[Black "Poletto, Daniele"]
[Result "0-1"]
[WhiteElo "1454"]
[BlackElo "1766"]
[PlyCount "100"]
[EventDate "2013.05.24"]
[EventType "swiss"]
[EventRounds "5"]
[EventCountry "ITA"]
[SourceTitle "EXT 2015"]
[Source "ChessBase"]
[SourceDate "2014.11.20"]
[SourceVersion "1"]
[SourceVersionDate "2014.11.20"]
[SourceQuality "1"]

1. e4 c5 2. Nf3 e6 3. Nc3 a6 4. a4 Qc7 5. Bc4 Nc6 6. 0-0 Nf6 7. Re1 d6 8. d4 cxd4 9. Nxd4 Be7 10. Be3 Ne5 11. Bb3 Nc4 12. Bxc4 Qxc4 13. Qd3 Qxd3 14. cxd3 Bd7 15. b4 0-0 16. b5 Rfc8 17. Rec1 Ng4 18. Bd2 Ne5 19. bxa6 bxa6 20. Nce2 Nxd3 21. Rc3 Rxc3 22. Nxc3 Rb8 23. a5 h6 24. Rd1 Ne5 25. f3 Nc4 26. Nce2 Bd8 27. Be1 Nxa5 28. Ra1 Nc6 29. Rxa6 Nxd4 30. Nxd4 Bb6 31. Bf2 Bc5 32. h3 Rb1+ 33. Kh2 e5 34. Ne2 Bxf2 35. Rxd6 Be6 36. Nc3 Rb3 37. Nd5 Bxd5 38. Rxd5 f6 39. Rd8+ Kf7 40. Rd7+ Kg6 41. Rd2 Bd4 42. Kg3 h5 43. Kh4 Rb2 44. Rxb2 Bxb2 45. g4 hxg4 46. hxg4 Bc1 47. Kg3 Kg5 48. Kg2 Kf4 49. Kf2 Bb2 50. Kg2 Bd4 0-1

[Event "Milan Province-ch"]
[Site "Milan"]
[Date "2013.01.25"]
[Round "2"]
[White "Iacopini, Federico"]
[Black "Vignati, Andrea"]
[Result "0-1"]
[WhiteElo "1413"]
[BlackElo "1560"]
[PlyCount "23"]
[EventDate "2013.01.24"]
[EventType "swiss"]
[EventRounds "6"]
[EventCountry "ITA"]
[SourceTitle "EXT 2014"]
[Source "ChessBase"]
[SourceDate "2013.11.20"]
[SourceVersion "1"]
[SourceVersionDate "2013.11.20"]
[SourceQuality "1"]

1. c4 e6 2. g3 d5 3. b3 Nf6 4. Nc3 g6 5. Bg2 Bg7 6. Nf3 0-0 7. d3 Ne4 8. Nxe4 dxe4 9. Nd2 Bxa1 10. Ba3 Bg7 11. Bxf8 Bxf8 12. Bxe4 0-1